<?xml version="1.0" encoding="UTF-8"?>
<collection xmlns="http://www.loc.gov/MARC21/slim">
<record>
  <controlfield tag="001">122306</controlfield>
  <controlfield tag="005">20230210172229.0</controlfield>
  <datafield tag="024" ind1="8" ind2=" ">
    <subfield code="2">innovaciondocente</subfield>
    <subfield code="a">3299</subfield>
  </datafield>
  <datafield tag="037" ind1=" " ind2=" ">
    <subfield code="a">INNODOC-2014-3299</subfield>
  </datafield>
  <datafield tag="041" ind1=" " ind2=" ">
    <subfield code="a">spa</subfield>
  </datafield>
  <datafield tag="100" ind1=" " ind2=" ">
    <subfield code="0">(orcid)0000-0002-8072-2390</subfield>
    <subfield code="a">Salavera Bordas, Carlos Enrique</subfield>
    <subfield code="e">coord.</subfield>
  </datafield>
  <datafield tag="245" ind1=" " ind2=" ">
    <subfield code="a">Trabajo con los moldes cognitivos como método de manejo de la ansiedad ante los exámenes en alumnos de Magisterio Infantil y Primaria, Terapia Ocupacional, Relaciones Laborales.</subfield>
  </datafield>
  <datafield tag="260" ind1=" " ind2=" ">
    <subfield code="a">Zaragoza</subfield>
    <subfield code="b">Universidad de Zaragoza</subfield>
    <subfield code="c">2014</subfield>
  </datafield>
  <datafield tag="520" ind1="3" ind2=" ">
    <subfield code="a">Cuando hablamos de moldes cognitivos, se trata de conocer las estrategias cognitivo-conductuales (moldes mentales) utilizadas para anticipar, interpretar, reaccionar, evaluar y explicar la realidad del sujeto.  Los moldes mentales van a determinar la adaptación, capacidad de manejo de las emociones y la eficacia y eficiencia académica y laboral.  Conocer los moldes cognitivos facilita al alumno/a la comprensión, manejo y modificación de sus pensamientos, emociones y comportamientos, en este caso concreto, frente a los exámenes.  Los alumnos en grupos, con materiales colgados en moodle, elaborarán distintos tipos de moldes mentales desde tres vertientes: 1) moldes asociados a bajo bienestar subjetivo (infravaloración y depresión); 2) moldes asociados a bojo bienestar subjetivo (disociación o conflicto con la realidad); y 3) moldes asociados a alto bienestar subjetivo (control, equilibrio emocional y disposición constructiva), todo ello respecto a su ansiedad en los exámenes, cuestiones que se trabajarán con el equipo del proyecto.</subfield>
  </datafield>
  <datafield tag="540" ind1=" " ind2=" ">
    <subfield code="9">info:eu-repo/semantics/openAccess</subfield>
    <subfield code="a"></subfield>
    <subfield code="u"></subfield>
  </datafield>
  <datafield tag="700" ind1=" " ind2=" ">
    <subfield code="0">(orcid)0000-0002-6445-9203</subfield>
    <subfield code="a">Carrón Sánchez, José</subfield>
  </datafield>
  <datafield tag="700" ind1=" " ind2=" ">
    <subfield code="0">(orcid)0000-0003-1702-3308</subfield>
    <subfield code="a">Antoñanzas Laborda, José Luis</subfield>
  </datafield>
  <datafield tag="700" ind1=" " ind2=" ">
    <subfield code="0">(orcid)0000-0002-8201-0469</subfield>
    <subfield code="a">Bustamante , Juan Carlos</subfield>
  </datafield>
  <datafield tag="700" ind1=" " ind2=" ">
    <subfield code="0">(orcid)0000-0002-3852-039X</subfield>
    <subfield code="a">Jarie , Laurane</subfield>
  </datafield>
  <datafield tag="700" ind1=" " ind2=" ">
    <subfield code="0">(orcid)0000-0003-3939-5137</subfield>
    <subfield code="a">Monteagudo Egea, Lucía</subfield>
  </datafield>
  <datafield tag="700" ind1=" " ind2=" ">
    <subfield code="0">(orcid)0000-0002-3115-0197</subfield>
    <subfield code="a">Bericat Alastuey, María Carmen</subfield>
  </datafield>
  <datafield tag="700" ind1=" " ind2=" ">
    <subfield code="a">Larrosa Montañés, María Soledad</subfield>
  </datafield>
  <datafield tag="700" ind1=" " ind2=" ">
    <subfield code="0">(orcid)0000-0003-3789-3781</subfield>
    <subfield code="a">Usán Supervía, Pablo</subfield>
  </datafield>
  <datafield tag="700" ind1=" " ind2=" ">
    <subfield code="0">(orcid)0000-0001-7126-524X</subfield>
    <subfield code="a">Teruel Melero, Pilar</subfield>
  </datafield>
  <datafield tag="700" ind1=" " ind2=" ">
    <subfield code="a">Noé López, Raquel</subfield>
  </datafield>
  <datafield tag="856" ind1="4" ind2=" ">
    <subfield code="s">547430</subfield>
    <subfield code="u">http://zaguan.unizar.es/record/122306/files/memoria_PRAUZ_2014_3299.pdf</subfield>
    <subfield code="y">Memoria del proyecto</subfield>
  </datafield>
  <datafield tag="970" ind1=" " ind2=" ">
    <subfield code="a">INNODOC-2014-3299</subfield>
  </datafield>
  <datafield tag="980" ind1=" " ind2=" ">
    <subfield code="a">INNODOC</subfield>
    <subfield code="b">PRAUZ</subfield>
  </datafield>
</record>
</collection>